000 00243nam a22001217a 4500
040 _cSK
082 _a658
100 _aអេង លេង
245 _aFinancial management
260 _aRUA
_bអេង
_c2011
300 _a15p.
942 _cKB
999 _c9960
_d9960